Současné cíle a úkoly Ministerstva životního prostředí v oblasti ochrany ovzduší

Bibliographic Details
Main Author: Kužel, Jan (Author)
Format: Article
Language:Czech
Subjects:
Source: 1. Ochrana ovzduší 1. 1211-0337 1. Roč. 19 (38), č. 1 (2006), s. 2-3
LEADER 00795nab#a2200289#ar4500
001 000079948
003 SVKKK
005 20060726095715.0
008 060726c2006 xr e cze
FMT
038 |a SVKKK 
040 |a SVKKK  |b slo  |e AACR2 
041 0 |a cze 
044 |a xr  |c CZ 
080 |a 349.6  |2 1997 
080 |a 504.3.06(437.1/.2)  |2 1997 
100 1 |a Kužel, Jan  |4 aut 
245 1 0 |a Současné cíle a úkoly Ministerstva životního prostředí v oblasti ochrany ovzduší  |c Jan Kužel 
504 |a Bibliogr. odkazy 
650 0 4 |a ochrana ovzdušia  |x predpisy právne  |x príprava  |z Česko  |y 2006 
773 0 |t Ochrana ovzduší  |x 1211-0337  |g Roč. 19 (38), č. 1 (2006), s. 2-3 
958 |a CZ 
958 |a NB 
992 |a RBX 
BAS
852 |a SVKKK  |b BIB 
998 |a GEO